000 00206nam a2200097Ia 4500
008 240331s9999 xx 000 0 und d
082 _bVED
100 _aVedachalam, V
245 0 _aIyakki valipadu
942 _cL
999 _c2132
_d2132